000 00304nam a22001337a 4500
008 170616b xxu||||| |||| 00| 0 eng d
020 _a9780521349864
041 _aeng
080 _a32
100 _a20
101 _aSHP
245 _aLUTHER AND CALVIN ON SECULAR AUTHORITY
_cHOPFL,H
942 _2udc
_cBK
999 _c17679
_d17679